<?xml version="1.0" encoding="UTF-8"?>
<collection xmlns="http://www.loc.gov/MARC21/slim">
 <record>
  <leader>01137nam a22002057a 4500</leader>
  <controlfield tag="001">NCT_151102</controlfield>
  <controlfield tag="008">230605b        xxu||||| |||| 00| 0 vie d</controlfield>
  <datafield tag="999" ind1=" " ind2=" ">
   <subfield code="c">7812</subfield>
   <subfield code="d">7812</subfield>
  </datafield>
  <datafield tag="020" ind1=" " ind2=" ">
   <subfield code="a">9786046554622</subfield>
   <subfield code="c">109000</subfield>
  </datafield>
  <datafield tag="082" ind1="0" ind2="4">
   <subfield code="2">23rd ed.</subfield>
   <subfield code="a">374</subfield>
   <subfield code="b">H741</subfield>
  </datafield>
  <datafield tag="100" ind1="1" ind2=" ">
   <subfield code="a">Hollins, Peter</subfield>
  </datafield>
  <datafield tag="245" ind1="1" ind2="0">
   <subfield code="a">Kỹ năng mới trong tầm tay</subfield>
   <subfield code="b">= The science of rapid skill acquisiton</subfield>
   <subfield code="c">Peter Hollins; Hoàng Tuấn (Dịch)</subfield>
  </datafield>
  <datafield tag="260" ind1=" " ind2=" ">
   <subfield code="a">H.</subfield>
   <subfield code="b">Lao động - Xã hội</subfield>
   <subfield code="c">2021</subfield>
  </datafield>
  <datafield tag="300" ind1=" " ind2=" ">
   <subfield code="a">185 tr.</subfield>
   <subfield code="c">21cm</subfield>
  </datafield>
  <datafield tag="520" ind1="3" ind2=" ">
   <subfield code="a">Sách giúp bạn tự trang bị cho mình những hành trang cần thiết nhất để bước vào thời đại mới - thời đại của việc tự học, tư duy độc lập, tinh thần k­ luật cao và sự nhạy bén trong quá trình tiếp thu những thành tựu mới</subfield>
  </datafield>
  <datafield tag="653" ind1=" " ind2=" ">
   <subfield code="a">Tham khảo</subfield>
  </datafield>
  <datafield tag="700" ind1="0" ind2=" ">
   <subfield code="a">Hoàng Tuấn</subfield>
   <subfield code="e">Dịch</subfield>
  </datafield>
  <datafield tag="942" ind1=" " ind2=" ">
   <subfield code="2">ddc</subfield>
   <subfield code="c">BK</subfield>
  </datafield>
  <datafield tag="952" ind1=" " ind2=" ">
   <subfield code="0">0</subfield>
   <subfield code="1">0</subfield>
   <subfield code="2">ddc</subfield>
   <subfield code="4">0</subfield>
   <subfield code="6">374_000000000000000_H741</subfield>
   <subfield code="7">0</subfield>
   <subfield code="9">27800</subfield>
   <subfield code="a">000001</subfield>
   <subfield code="b">000001</subfield>
   <subfield code="d">2023-06-05</subfield>
   <subfield code="o">374 H741</subfield>
   <subfield code="p">TK.03421</subfield>
   <subfield code="r">2023-06-05</subfield>
   <subfield code="v">109000.00</subfield>
   <subfield code="w">2023-06-05</subfield>
   <subfield code="y">BK</subfield>
  </datafield>
  <datafield tag="980" ind1=" " ind2=" ">
   <subfield code="a">Thư viện Trường Đại học Nam Cần Thơ</subfield>
  </datafield>
 </record>
</collection>
